| 000 -LEADER |
| fixed length control field |
00876cam a22002777i 4500 |
| 001 - CONTROL NUMBER |
| control field |
18253235 |
| 005 - DATE AND TIME OF LATEST TRANSACTION |
| control field |
20180109075220.0 |
| 008 - FIXED-LENGTH DATA ELEMENTS--GENERAL INFORMATION |
| fixed length control field |
140804s2013 maua 001 0 eng d |
| 010 ## - LIBRARY OF CONGRESS CONTROL NUMBER |
| LC control number |
2014412883 |
| 020 ## - INTERNATIONAL STANDARD BOOK NUMBER |
| International Standard Book Number |
9780132175272 (Paper) |
| 020 ## - INTERNATIONAL STANDARD BOOK NUMBER |
| International Standard Book Number |
0132175274 (Paper) |
| 020 ## - INTERNATIONAL STANDARD BOOK NUMBER |
| International Standard Book Number |
0132724847 (National Restaurant Association) |
| 020 ## - INTERNATIONAL STANDARD BOOK NUMBER |
| International Standard Book Number |
9780132724845 National Restaurant Association) |
| 035 ## - SYSTEM CONTROL NUMBER |
| System control number |
(OCoLC)ocn811318129 |
| 040 ## - CATALOGING SOURCE |
| Original cataloging agency |
CNCEN |
| Language of cataloging |
eng |
| Description conventions |
rda |
| Transcribing agency |
CNCEN |
| Modifying agency |
CNCEN |
| -- |
YDXCP |
| -- |
CUY |
| -- |
COO |
| -- |
BTCTA |
| -- |
BWX |
| -- |
VLB |
| -- |
OCLCA |
| -- |
OCLCF |
| -- |
OCLCQ |
| -- |
OCLCO |
| -- |
DLC |
| 041 ## - LANGUAGE CODE |
| Language code of text/sound track or separate title |
eng |
| 042 ## - AUTHENTICATION CODE |
| Authentication code |
lccopycat |
| 080 ## - UNIVERSAL DECIMAL CLASSIFICATION NUMBER |
| Universal Decimal Classification number |
647.950688 ROB |
| 082 04 - DEWEY DECIMAL CLASSIFICATION NUMBER |
| Classification number |
647.950688 ROB |
| 100 ## - Rafti |
| Rafti |
9 |
| 101 ## - Shkurtesa |
| Shkurtesa |
NUT |
| 245 00 - TITLE STATEMENT |
| Title |
Controlling foodservice costs. |
| 906 ## - LOCAL DATA ELEMENT F, LDF (RLIN) |
| a |
7 |
| b |
cbc |
| c |
copycat |
| d |
3 |
| e |
ncip |
| f |
20 |
| g |
y-gencatlg |
| 942 ## - ADDED ENTRY ELEMENTS (KOHA) |
| Source of classification or shelving scheme |
|
| Item type |
Books |